000 00222 a2200097 4500
020 _a9780439429351
041 _aeng
100 _ajudith Stamper
245 _aMagic School Bus Chapter book Voyage to the Volcano
942 _cK
999 _c30386
_d30384